| 000 | 01097nam a22003137a 4500 | ||
|---|---|---|---|
| 001 | 5832 | ||
| 003 | FISKH | ||
| 005 | 20250124123054.0 | ||
| 008 | 250123b cb ||||| |||| 00| 0 eng d | ||
| 020 | _a9781447299523 | ||
| 040 |
_aFISKH _beng _cFISKH _dFISKH |
||
| 050 | _aPZ7. | ||
| 082 | _a828 | ||
| 100 |
_aDale, Jenny _d(1956-) |
||
| 245 |
_aLenny : _bThe lazy puppy / _cby Jenny Dale Illustrated by Frank Rodgers A Working Partners Book |
||
| 250 | _aThis edition published in 2015 | ||
| 260 |
_aLondon : _bMacmillan, _c1999. |
||
| 300 |
_a60 pages : _billustrations ; _c20 cm |
||
| 490 | _aJenny Dale's puppy tales | ||
| 505 | _aL | ||
| 520 | _aLenny is a such a lazy puppy. Why should he run around when he can snooze in the sun? But when Lauren loses her birthday money, Lenny know he must try to help. Can he prove that he isn't such a lazy dog after all?" | ||
| 521 | 8 |
_a510
_bLexile estimate |
|
| 521 | 8 |
_aL
_bRaz-Plus |
|
| 650 |
_2Puppy Friends _aSeries |
||
| 650 |
_2Pets _aFiction |
||
| 700 |
_aRodgers, Frank _dillustrator |
||
| 942 |
_2ddc _cBK _n0 |
||
| 999 |
_c5832 _d5832 |
||